00574cam a2200181 4500001001100000008004100011020001500052035001500067050002300082245008900105260005100194300002100245500001200266500002500278504003800303650002300341700002800364IREN000569 1999 a eng  a1574440586 aIREN000569 4aHC79.E5 bS86 1999 0aSustainability perspectives for resourses and busines /cOrie L. Loucks...[et al.]. aBoca Raton, Florida :bLewis publishers,c1999 a373 p. ;c26 cm. a1 ejem. aRec. Propios. D.G.B. aIncluye bibliografía e índice 4aRecursos naturales1 aLouks, Orie L.,ecoaut.